| 000 | 00882cam a2200313 i 4500 | ||
|---|---|---|---|
| 001 | 1231807 | ||
| 003 | YEEZEN | ||
| 005 | 20260107151348.0 | ||
| 008 | 251110s2025 ch a g 6 000 c chi d | ||
| 020 |
_a9786267446744 _q(平裝) : _cNT$340 |
||
| 040 |
_aTWTNM _bchi _cTWTNM |
||
| 041 | 1 |
_achi _hjpn |
|
| 042 | _anbic | ||
| 084 |
_a511.7 _2ncsclt |
||
| 090 | _a511.7 | ||
| 100 | 1 | _a松本健太郎 | |
| 245 | 1 | 0 |
_a不需公式!一看就懂的資料分析思維 / _c松本健太郎著 ; Morio作畫 ; 許郁文譯 |
| 250 | _a初版 | ||
| 260 |
_a新北市 : _b世茂, _c2025.06 |
||
| 300 |
_a6, 200面 : _b圖 ; _c21公分 |
||
| 490 | 1 |
_a銷售顧問金典 ; _v116. |
|
| 650 | 7 |
_a統計分析 _2lcstt. |
|
| 650 | 7 |
_a相關分析 _2lcstt. |
|
| 650 | 7 |
_a漫畫 _2lcstt. |
|
| 700 | 0 | _aMorio. | |
| 700 | 1 | _a許郁文 | |
| 830 | 0 |
_a銷售顧問金典 ; _v116. |
|
| 942 |
_2ccl _cBOOK |
||
| 999 |
_c7681 _d7681 |
||